00867nam a2200217 a 450000100100000000500170001000800410002704000250006808200150009310000230010824501050013126001120023630000270034850000180037550000420039350400530043570000210048804900090050995201140051899900170063200001652120200929164926.0100308s1988 dr a 000 0 spa d aDO-SdBNPbspacBNPHU axxxbG216i1 aGacía, E.93675610aInforme del mapa geológico de la República Dominica :bsan juan (5972) /cE. García, F. Harms. aSanto Domingo :bSecretaría de Estado de Industria y Comercio :bDirección General de Minería,c1988. a97 p. :bil. ;c23 cm. aIncluye anexo aIncluye notas al pie de las páginas aIncluye referencias bibliográficas ( p. 91-97)1 aHarms, E.936757 aBNPD 00107-18PDaPDbPDcOId2010-03-08iLF1l0oxxx G216ip16521-10r2020-06-25w2020-06-25yLFPDZNo se presta c16055d16055